000 00401nam a2200157Ia 4500
008 230524s9999 xx 000 0 und d
082 _a5.43
_bSIN
100 _aMukesh Singhal and N.G.Shivaratn
245 0 _aAdvanced Concepts in Operating Systems
250 _a1ST
260 _aNEW DELHI
_bTMH
_c2004
300 _aXVIII;517
500 _aQuantity Number: 16
650 _aComp-Sc
942 _cBK
999 _c31176
_d31176